000 00904nam a2200229 i 4500
001 57677
003 ES-MaACL
005 20230906163624.0
007 t|
008 031017s1967 sp ||||1| spa d
080 _a940.42(084)
100 1 _aDollinger, Hans.
_945037
245 1 4 _aLos últimos cien días en fotografías y documentos :
_b[la terminación de la Segunda Guerra Mundial en Europa y Asia] /
_cpor Hans Dollinger ; asesor técnico Hans-Adolf Jacobsen ; [traducción de Antonio Tomás].
260 _aBarcelona :
_bPlaza & Janés,
_c[1967]
300 _a444 p., 8 lám. :
_bil. col. ;
_c25 cm.
504 _aBibliografía: p. 433-436.
650 4 _aGuerra mundial, 1939-1945-
_vObras ilustradas.
_913245
650 4 _aGuerra mundial, 1939-1945-
_vFuentes.
_9173442
700 1 _aJacobsen, Hans-Adolf.
_965853
700 1 _aTomás Todolí, Antonio.
_9110530
852 _aES-MaACL
_jC-32346
999 _c57677
_d57677